000 00848nam a22002297a 4500
008 081020t xxu||||| |||| 00| 0 eng d
010 _aENG-84051
020 _a813130082X
020 _c595.00 (hb)
035 _aEN-67584
082 _a371.904437 / TIW
100 _aTiwari, Saket Raman
245 _aHealth education /
_cby Saket Raman Tiwari, Chhote Lal Rathor; edited by Yogesh Kumar Singh
260 _aNew Delhi
_bA P H Publishing
260 _c2007
300 _aix, 226p
_c22cm
500 _aIncludes bibliographical references
700 _aRathor, Chhote Lal
_cjt auth
700 _aSingh, Yogesh Kumar
_ced
942 _2ddc
_cEN
_h371.904437
_m TIW
999 _c17018
_d17018